000 00904nam a2200229 a 4500
001 39590
003 BD-RjUL
005 20220613105017.0
008 160413m20092003bg a|||e |||| 00| 0 ben d
020 _a9847022010188
_c: tk. 120.00
035 _a(BD-RjUL)39703
040 _aBD-RjUL
_bben
_cBD-RjUL
041 _aben
082 _223
_a891.4409
_bMAP 2009
100 _aমামুন, মুনতাসীর
_9120254
245 1 0 _aপ্রিয়জন /
_cমুনতাসীর মামুন
260 _aঢাকা :
_bদি ইউনিভার্সিটি প্রেস,
_c২০০৩,[২য় মুদ্রণ ২০০৯].
300 _a৮৬ পৃ. ;
_c২১ সেমি.
650 _aবাংলা সাহিত্য
_xইতিহাস ও সমালোচনা
_9118060
650 _aBengali Literature
_xHistory & Criticism
_9120485
942 _2ddc
_cBK
999 _c39590
_d39590